00431nam a2200157Ia 45000010006000000050017000060080041000230410008000640820016000721000043000882450090001312600009002213000027002306500008002576540008002652078720260306172831.0260306t2019||||xx |||||||||||||| ||spa|| aESP a343.8bB26P aBasilio Padilla, Cynthia FiorellaeAUT 0aPrecios de transferencia y reporte local, reporte maestro y reporte país por país c2019 a46 páginas :c24 cm. aGEN aCDE